Ochrana spotrebiteľa - záujem všetkých

Nedostatočná ochrana spotrebiteľa - Slovenská obchodná inšpekcia (SOI) a Zákon na ochranu spotrebiteľa. Postavenie a úlohy Úradu pre normalizáciu, metrológiu a skúšobníctvo. Medzinárodné postavenie SR (Európska dohoda o pridružení, GATT). Význam technickej normalizácie. Úlohy štátnej a podnikovej me...

Ausführliche Beschreibung

Gespeichert in:
Bibliographische Detailangaben
1. Verfasser: Košťálová, M.
Format: Buchkapitel
Sprache:Slowakisch
Schlagworte:
Tags: Tag hinzufügen
Keine Tags, Fügen Sie das erste Tag hinzu!

MARC

LEADER 00000naa a2200000 4500
001 r016878
005 20241025141326.7
041 0 |a slo 
044 |a SK 
245 1 0 |a Ochrana spotrebiteľa - záujem všetkých  |c M. Košťálová 
520 |a Nedostatočná ochrana spotrebiteľa - Slovenská obchodná inšpekcia (SOI) a Zákon na ochranu spotrebiteľa. Postavenie a úlohy Úradu pre normalizáciu, metrológiu a skúšobníctvo. Medzinárodné postavenie SR (Európska dohoda o pridružení, GATT). Význam technickej normalizácie. Úlohy štátnej a podnikovej metrológie. Skúšobníctvo a certifikácia. Certifikácia potravín. Sankcie. 
610 2 0 |a ochrana spotrebiteľa 
610 2 0 |a metrológia 
610 2 0 |a normalizácia 
610 2 0 |a skúšobníctvo štátne 
610 2 0 |a certifikácia 
610 2 0 |a potraviny 
610 2 0 |a Slovenská obchodná inšpekcia 
610 2 0 |a Slovensko 
100 1 |a Košťálová, M.